000 00636nam a2200193Ia 4500
999 _c7899
_d7899
003 OSt
005 20200124102303.0
008 190216s9999||||xx |||||||||||||| ||und||
020 _a9788131754535
040 _coclc
082 _a658.4012
_bCAR/C
100 _aCarpenter, Mason A
_91488
245 0 _aConcepts And Cases Strategic Management A Dynamic Perspective /
_cMason A.Carpenter ; Wm.Gerard Sanders ; Prashant Salwan
250 _a2nd ed.
260 _bPearson Education Asia,
_c2009.
_aChennai:
300 _a716p
650 _aStrategic Management
942 _cBK
_2ddc
_h658.4012
_iCAR/C
_k658.4012
_mCAR/C